000 00687nam a2200181Ia 4500
003 GCL
008 140319s9999 xx 000 0 ara d
040 _aGCL /
_cGCL
082 0 4 _a345.02
_bع ج
100 1 _aعبدالحميد الشواربى
_vPurified
_@
…هذب
245 1 0 _aجرائم الايذاء فى ضوء القضاء والفقه القتل العمد والقتل الخطا الضرب والعرج /
_cعبدالحميد الشواربى
260 _a[S.N] :
_bدار المطبوعات الجديدة ،
_c1986
300 _a349
490 _a
650 0 4 _aالقانون الجنائى
650 0 4 _aالجريمة والمجرمون
942 _2ddc
_cBK
999 _c51522
_d51522